000
00332nam a2200157Ia 4500
100
_a
Hawks/ Ellison
650
_a
Chemistry
942
_c
BK
654
_a
How it Works
245
_a
How tit Works & How it is Done
260
_b
Home Library
_a
Bombay
082
_a
620
_b
HAW
300
_a
512
546
_a
ENGLISH
999
_c
19683
_d
19683